Central Library OPAC University of Rajshahi

কবি ভারতচন্দ্র / (Record no. 48582)

MARC details
000 -LEADER
fixed length control field 00889nam a2200241 a 4500
001 - CONTROL NUMBER
control field 48582
003 - CONTROL NUMBER IDENTIFIER
rucl marc code BD-RjUL
005 - DATE AND TIME OF LATEST TRANSACTION
control field 20211209054541.0
008 - FIXED-LENGTH DATA ELEMENTS--GENERAL INFORMATION
fixed length control field 160814s1982 ii ||||| |||| 00| 0 ben d
020 ## - INTERNATIONAL STANDARD BOOK NUMBER
Terms of availability : Tk. 10.00
035 ## - SYSTEM CONTROL NUMBER
System control number (BD-RjUL)48701
040 ## - CATALOGING SOURCE
Original cataloging agency BD-RjUL
Language of cataloging ben
Transcribing agency BD-RjUL
041 ## - LANGUAGE CODE
Language code of text/sound track or separate title ben
082 ## - DEWEY DECIMAL CLASSIFICATION NUMBER
Edition number 23
Classification number 891.44109
Author mark and year GOK 1984
100 ## - MAIN ENTRY--PERSONAL NAME
Personal name গোস্বামী, সনাতন
9 (RLIN) 146779
245 ## - TITLE STATEMENT
Title কবি ভারতচন্দ্র /
260 ## - PUBLICATION, DISTRIBUTION, ETC. (IMPRINT)
Place of publication, distribution, etc. কলিকাতা
Name of publisher, distributor, etc. এ কে সরকার এণ্ড কোং,
Date of publication, distribution, etc. ১৯৮৪
300 ## - PHYSICAL DESCRIPTION
Pagination ১৩৩ পৃ. ;
Size ২১ সেমি.
504 ## - BIBLIOGRAPHY, ETC. NOTE
Bibliography, etc গ্রন্থপঞ্জী সংযুক্ত
650 ## - SUBJECT ADDED ENTRY--TOPICAL TERM
Topical term or geographic name as entry element বাংলা কবিতা
Form subdivision ইতিহাস ও সমালোচনা
9 (RLIN) 117724
Topical term or geographic name as entry element Bengali poetry
Form subdivision History and Criticism
9 (RLIN) 117725
942 ## - ADDED ENTRY ELEMENTS (KOHA)
Source of classification or shelving scheme Dewey Decimal Classification
Koha item type Books
Holdings
Lost status Source of classification or shelving scheme Damaged status Not for loan Collection code Permanent Location Current Location Shelving location Date acquired Source of acquisition Total Checkouts Full call number Date last seen Copy number Koha item type Cost, normal purchase price
  Dewey Decimal Classification     Non-fiction Central Library, University of Rajshahi Central Library, University of Rajshahi   06/03/1984 Author   B 891.441092 GOK 1984 14/08/2016 C-2 Books  
  Dewey Decimal Classification     Non-fiction Central Library, University of Rajshahi Central Library, University of Rajshahi   06/03/1984 Tulip Enterprise, Dhaka   B 891.441092 GOK 1984 20/10/2016 C-3 Books 10.00
  Dewey Decimal Classification     Non-fiction Central Library, University of Rajshahi Central Library, University of Rajshahi   06/03/1984 Tulip Enterprise, Dhaka   B 891.44109 GOK 1984 23/10/2016 C-4 Books 10.00